| 000 -LEADER |
| fixed length control field |
00513nam a22001577a 4500 |
| 008 - FIXED-LENGTH DATA ELEMENTS--GENERAL INFORMATION |
| fixed length control field |
150708b xxu||||| |||| 00| 0 alb d |
| 041 0# - LANGUAGE CODE |
| Language code of text/sound track or separate title |
alb |
| 080 ## - UNIVERSAL DECIMAL CLASSIFICATION NUMBER |
| Universal Decimal Classification number |
94 |
| 100 ## - Rafti |
| Rafti |
Hobsbawm, Eric; |
| 245 ## - TITLE STATEMENT |
| Title |
Epoka e ekstremeve : |
| Statement of responsibility, etc |
Eric Hobsbawm. |
| 260 ## - |
| -- |
Tiranë : |
| -- |
Çabej MÇM; Central European University Press, |
| -- |
2007. |
| 300 ## - |
| -- |
544 f., |
| -- |
32 f. : |
| -- |
me il. ; |
| -- |
24 cm. |
| 500 ## - |
| -- |
Parathënie dhe mirënjohje: f. 7-10 |
| 650 #0 - |
| -- |
Historia |
| 942 ## - ADDED ENTRY ELEMENTS (KOHA) |
| Source of classification or shelving scheme |
|
| Item type |
Books |